000 00764nam a22001937a 4500
010 _a177669
035 _a177669
037 _bCen Lib / Ret
040 _aDPL
_bEN
082 _a575
_bTAX
245 _aEvolution after darwin /
260 _aChicago
_bThe University of Chicago Press
_c1960
270 _aThe University of Chicago Press
_bChicago
300 _a3 v. ; v 2. ; 473
_b24cm(Hb)
505 _a3 v ; v. 1. The evolution of life: its origin, history and future (not available) ; v. 2. The evolution of man: man, culture and society ; v. 3. Issues in evolution, edited by Sol Tax and Charles Callender (not available)
650 _aEvolution (Biology)
650 _aDarwin, Charles, -- 1809-1882 -- Origin of species.
942 _2ddc
_cEN
_k575
_mTAX
999 _c136519
_d136519